Catalog

Record Details

Catalog Search



Zlato a chléb  Cover Image Book Book

Zlato a chléb / [Autor:] René Jouglet ; Z franc. orig. L'or et le pain přel. Nina Neklanová

Summary:

Románové vyprávění ze současného života obyvatel Francie. Neutěšené sociální poměry dělnictva jsou v přímém protikladu k problematice života příslušníků vykořisťovatelské třídy, representované několika průmyslníky. Thematika četných dialogů umožňuje čtenáři poznat nejen vlastní příčinu prohlubující se krise francouzského kapitálu, ale i smýšlení a život prostých lidí.

Record details

  • Physical Description: 260, [2] s. ; 8°
  • Edition: 1. vyd.
  • Publisher: Praha : Svobodné slovo-Melantrich, 1957

Content descriptions

General Note:
Frontispice: Zdeněk Sigmund
8300 výt.

Available copies

  • 1 of 1 copy available at Common Catalog SPOK.

Holds

  • 0 current holds with 1 total copy.
Show Only Available Copies
Location Call Number / Copy Notes Barcode Shelving Location Status Due Date
KDS Library 810 JoR 204576800645 Library Available -

LDR 01215nam a22002531 4500
00120297
003CZ-PrJAB
00520150707091449.0
008981013s1957 xr cze
015 . ‡acnb000728439
035 . ‡a(CZ PrNK)bk195704890
035 . ‡a(OCoLC)85700636
040 . ‡aABA001 ‡bcze ‡cCBA001 ‡dABA001
0411 . ‡acze ‡hfre
1001 . ‡aJouglet, René, ‡d1884-1961 ‡7xx0005550 ‡4aut
24510. ‡aZlato a chléb / ‡c[Autor:] René Jouglet ; Z franc. orig. L'or et le pain přel. Nina Neklanová
250 . ‡a1. vyd.
260 . ‡aPraha : ‡bSvobodné slovo-Melantrich, ‡c1957 ‡e(Vimperk : ‡fJČT 13)
300 . ‡a260, [2] s. ; ‡c
500 . ‡aFrontispice: Zdeněk Sigmund
500 . ‡a8300 výt.
520 . ‡aRománové vyprávění ze současného života obyvatel Francie. Neutěšené sociální poměry dělnictva jsou v přímém protikladu k problematice života příslušníků vykořisťovatelské třídy, representované několika průmyslníky. Thematika četných dialogů umožňuje čtenáři poznat nejen vlastní příčinu prohlubující se krise francouzského kapitálu, ale i smýšlení a život prostých lidí.
910 . ‡aABE463
964 . ‡aFrancie - společnost stol. 20. - romány
998 . ‡a000728439
901 . ‡a20297 ‡b ‡c20297 ‡tbiblio

Additional Resources